Nurse Practitioner`s Drug handbook. (Record no. 7796)

MARC details
000 -LEADER
fixed length control field 00396nam a22001457a 4500
008 - FIXED-LENGTH DATA ELEMENTS--GENERAL INFORMATION
fixed length control field 190405b ||||| |||| 00| 0 eng d
020 ## - INTERNATIONAL STANDARD BOOK NUMBER
International Standard Book Number 10848126
082 ## - DEWEY DECIMAL CLASSIFICATION NUMBER
Classification number 610.73 P36n 2000
100 ## - MAIN ENTRY--PERSONAL NAME
Personal name Pearson, Linda J.
245 ## - TITLE STATEMENT
Title Nurse Practitioner`s Drug handbook.
250 ## - EDITION STATEMENT
Edition statement 3rd ed.
260 ## - PUBLICATION, DISTRIBUTION, ETC.
Place of publication, distribution, etc. Pennsylvania ;
Name of publisher, distributor, etc. Springhouse Corporation,
Date of publication, distribution, etc. 2000.
300 ## - PHYSICAL DESCRIPTION
Extent viii, 1352 p.
Dimensions 20 cm.
942 ## - Added entry Elements (Koha)
Source of classification or shelving scheme Dewey Decimal Classification
Holdings
Withdrawn status Lost status Source of classification or shelving scheme Damaged status Not for loan Collection code Home library Current library Shelving location Date acquired Serial Enumeration / chronology Total Checkouts Total Renewals Full call number Barcode Date last seen Date last checked out Price effective from Koha item type
    Dewey Decimal Classification     Main TEST RTC Library RTC Library Main opac 05/04/2019 13635 5 7 610.73 PEA 30011549 26/03/2025 14/03/2025 05/04/2019 Main
Royal Thimphu College || All Right Reserved